[Event "Prva A liga SSFBiH"]
[Site "Neum"]
[Date "2012.08.28"]
[Round "6.3"]
[White "Bajramovic, Halid"]
[Black "Durakovic, Alman"]
[Result "0-1"]
[WhiteElo "2160"]
[BlackElo "2217"]
[PlyCount "92"]
[EventDate "2012.08.25"]

1. d4 Nf6 2. Nf3 e6 3. g3 b6 4. Bg2 Bb7 5. O-O Be7 6. c4 O-O 7. Nc3 Ne4 8. d5
Nxc3 9. bxc3 Bf6 10. Bb2 Na6 11. Nd4 e5 12. Nb5 Nc5 13. e4 a6 14. Na3 d6 15.
Nc2 Qd7 16. Ne3 Na4 17. Rb1 g6 18. Ba1 Bg7 19. h4 Nc5 20. h5 Rae8 21. Kh2 Qe7
22. hxg6 fxg6 23. Bb2 Bc8 24. Ba3 Nd7 25. Bc1 Nc5 26. Qe2 a5 27. Bd2 Rf7 28.
Rh1 Ref8 29. Rbf1 h5 30. Kg1 Bf6 31. Be1 Bg5 32. f3 Rh7 33. Bh3 Bxh3 34. Rxh3
Rhf7 35. Kg2 Qd7 36. Rhh1 Qe7 37. Rh2 Nxe4 38. g4 Nf6 39. Rfh1 e4 40. f4 Bxf4
41. gxh5 Nxh5 42. Rxh5 gxh5 43. Rxh5 Bxe3 44. Qxe3 Rg7+ 45. Kh2 Qf7 46. Qh3
Qxh5 0-1

[Event "Prva A liga SSFBiH"]
[Site "Neum"]
[Date "2012.08.28"]
[Round "6.3"]
[White "Hadzovic, Amir"]
[Black "Radic, Bojan"]
[Result "1-0"]
[WhiteElo "2174"]
[BlackElo "2187"]
[PlyCount "95"]
[EventDate "2012.08.25"]

1. e4 c5 2. Nc3 a6 3. a4 Nc6 4. Bc4 d6 5. f4 Nf6 6. d3 Rb8 7. Nf3 e6 8. O-O Be7
9. Qe1 O-O 10. e5 Ng4 11. exd6 Bxd6 12. Ne4 Be7 13. a5 b5 14. axb6 Qxb6 15. b3
Nd4 16. Nxd4 cxd4 17. Rf3 Nf6 18. Ba3 Nxe4 19. Bxe7 Re8 20. Qh4 Nd6 21. Rh3 h6
22. Bf6 Nf5 23. Qg4 Kh7 24. Qh5 Bb7 25. Re1 Qa5 26. Re2 Qa1+ 27. Kf2 Qh1 28.
Be5 Ne3 29. Bxd4 Nf5 30. Be5 Qxg2+ 31. Ke1 Qg1+ 32. Kd2 g6 33. Qg5 Qf1 34. Qf6
Rf8 35. Bxb8 Qxh3 36. Be5 Bd5 37. Bxd5 exd5 38. Qxa6 Nh4 39. Qd6 Nf3+ 40. Kc3
Rc8+ 41. Kb2 Qf1 42. Qf6 Nxe5 43. Rxe5 Kg8 44. Re7 Rf8 45. b4 h5 46. Rd7 Qf2
47. Rxd5 Kh7 48. f5 1-0

[Event "Prva A liga SSFBiH"]
[Site "Neum"]
[Date "2012.08.28"]
[Round "6.3"]
[White "Sestic, Nermin"]
[Black "Bucan, Eldin"]
[Result "0-1"]
[WhiteElo "2138"]
[BlackElo "2140"]
[PlyCount "68"]
[EventDate "2012.08.25"]

1. d4 Nf6 2. c4 g6 3. Nc3 Bg7 4. Nf3 O-O 5. e3 d6 6. Be2 Bf5 7. O-O Ne4 8. Nxe4
Bxe4 9. Nd2 Bc6 10. b4 e5 11. d5 Be8 12. Bb2 f5 13. Qb3 Nd7 14. Rac1 b6 15. f4
g5 16. fxe5 Nxe5 17. Bd4 g4 18. Rf2 h5 19. Rcf1 Bg6 20. c5 Qg5 21. cxd6 cxd6
22. g3 h4 23. gxh4 Qxh4 24. Rg2 Rae8 25. Bb5 Re7 26. Bc6 Kh7 27. a4 f4 28. exf4
Nf3+ 29. Nxf3 gxf3 30. Bf2 fxg2 31. Bxh4 gxf1=Q+ 32. Kxf1 Rxf4+ 33. Bf2 Bd4 34.
Qh3+ Kg7 0-1

[Event "Prva A liga SSFBiH"]
[Site "Neum"]
[Date "2012.08.28"]
[Round "6.3"]
[White "Tucakovic, Mario"]
[Black "Besirevic, Jasmin"]
[Result "1-0"]
[WhiteElo "2040"]
[BlackElo "1957"]
[PlyCount "75"]
[EventDate "2012.08.25"]

1. e4 c5 2. Nf3 d6 3. d4 cxd4 4. Nxd4 e5 5. Ne2 Nf6 6. Nbc3 Be6 7. Bg5 Nbd7 8.
Ng3 Be7 9. Bxf6 Nxf6 10. Bb5+ Nd7 11. O-O O-O 12. Bxd7 Qxd7 13. Nd5 Bg5 14. c4
Rac8 15. b3 Rc5 16. Qh5 h6 17. Qe2 b5 18. Ne3 bxc4 19. Nxc4 Bxc4 20. bxc4 Qc6
21. Qg4 Rxc4 22. h4 Bf4 23. Nf5 Bg5 24. hxg5 Qxe4 25. Qxe4 Rxe4 26. gxh6 g6 27.
Nxd6 Rh4 28. a4 Rxh6 29. a5 Kg7 30. Rfd1 Rfh8 31. f3 Rh1+ 32. Kf2 Rxd1 33. Rxd1
Rb8 34. Rd5 Rb2+ 35. Kg3 f6 36. Rb5 Rd2 37. Rb7+ Kh6 38. Ne4 1-0

[Event "Prva A liga SSFBiH"]
[Site "Neum"]
[Date "2012.08.28"]
[Round "6.4"]
[White "Saric, Sinisa"]
[Black "Djokic, Vladan"]
[Result "1-0"]
[WhiteElo "2433"]
[BlackElo "2334"]
[PlyCount "61"]
[EventDate "2012.08.25"]

1. d4 Nf6 2. c4 e6 3. Nc3 Bb4 4. Qc2 c5 5. dxc5 O-O 6. Nf3 Nc6 7. Bg5 Bxc5 8.
e3 h6 9. Bh4 Be7 10. Be2 b6 11. O-O Nh5 12. Bxe7 Qxe7 13. Rfd1 f5 14. Nd4 Nxd4
15. Rxd4 Nf6 16. Bf3 Rb8 17. Rad1 a6 18. e4 f4 19. e5 Nh7 20. Ne4 Rf5 21. Nd6
Rxe5 22. Qd2 g5 23. Nxc8 Rxc8 24. Rxd7 Qc5 25. Qc3 Rc7 26. b4 Rxd7 27. bxc5
Rxd1+ 28. Bxd1 Rxc5 29. Qd4 Nf8 30. h4 Kf7 31. Bh5+ 1-0

[Event "Prva A liga SSFBiH"]
[Site "Neum"]
[Date "2012.08.28"]
[Round "6.4"]
[White "Mahmutbegovic, Midhat"]
[Black "Nurkic, Sahbaz"]
[Result "0-1"]
[WhiteElo "2078"]
[BlackElo "2397"]
[PlyCount "44"]
[EventDate "2012.08.25"]

1. e4 c5 2. Nf3 e6 3. d4 cxd4 4. Nxd4 a6 5. Bd3 Qc7 6. O-O Nf6 7. Re1 d6 8. Nc3
Be7 9. Be3 Nbd7 10. f4 O-O 11. g4 Nc5 12. Bf2 Nxd3 13. cxd3 g6 14. Nc2 b5 15.
a3 Bb7 16. Re3 d5 17. e5 d4 18. Nxd4 Bc5 19. exf6 Bxd4 20. Qf1 Qxf4 21. Ne2
Qxe3 22. Nxd4 Qg5 0-1

[Event "Prva A liga SSFBiH"]
[Site "Neum"]
[Date "2012.08.28"]
[Round "6.4"]
[White "Jefic, Srdjan"]
[Black "Rogovic, Ismet"]
[Result "1-0"]
[WhiteElo "2165"]
[BlackElo "2021"]
[PlyCount "69"]
[EventDate "2012.08.25"]

1. e4 e5 2. Nf3 Nc6 3. Bc4 Bc5 4. c3 Qe7 5. O-O d6 6. d3 Nf6 7. Bb3 O-O 8. Nbd2
Bg4 9. h3 Be6 10. Nc4 b5 11. Ne3 Bxb3 12. Qxb3 a6 13. Re1 Nb8 14. a4 bxa4 15.
Qxa4 Nh5 16. b4 Ba7 17. Nd5 Qd8 18. Qa5 Bb6 19. Nxb6 cxb6 20. Qd5 Ra7 21. Be3
Nf6 22. Qb3 Nbd7 23. Ra3 Qc7 24. Rea1 Rfa8 25. Nd2 a5 26. Nc4 d5 27. exd5 Nxd5
28. bxa5 Nxe3 29. axb6 Rxa3 30. Rxa3 Rxa3 31. Qxa3 Qc5 32. fxe3 f6 33. Qxc5
Nxc5 34. Na5 Kf7 35. b7 1-0

[Event "Prva A liga SSFBiH"]
[Site "Neum"]
[Date "2012.08.28"]
[Round "6.4"]
[White "Djuric, Nebojsa"]
[Black "Mesic, Vehid"]
[Result "1-0"]
[WhiteElo "2181"]
[BlackElo "1504"]
[PlyCount "86"]
[EventDate "2012.08.25"]

1. e4 e5 2. Nf3 Nc6 3. Bc4 Nf6 4. d4 exd4 5. e5 d5 6. Bb5 Ne4 7. Nxd4 Bd7 8.
Bxc6 bxc6 9. O-O Be7 10. f3 Ng5 11. Nb3 O-O 12. Nc3 Ne6 13. f4 g6 14. Be3 Ng7
15. Nc5 f6 16. Qe2 fxe5 17. fxe5 Ne6 18. N3a4 d4 19. Bxd4 Nxd4 20. Qc4+ Kg7 21.
Qxd4 Bf5 22. Qc3 Qe8 23. h3 Bg5 24. g4 Be6 25. Rxf8 Kxf8 26. Rf1+ Kg8 27. Nxe6
Qxe6 28. Nc5 Qd5 29. Nd3 Rb8 30. b3 Be3+ 31. Kh2 Bd4 32. Qc4 Qxc4 33. bxc4 Re8
34. Re1 Kf7 35. Kg2 Ke6 36. Kf3 Bc3 37. Re2 Rf8+ 38. Nf4+ Ke7 39. Ke4 Rb8 40.
Nd3 Rb1 41. Kf4 Rf1+ 42. Nf2 Ke6 43. h4 Rh1 1-0

[Event "Prva A liga SSFBiH"]
[Site "Neum"]
[Date "2012.08.29"]
[Round "7.1"]
[White "Nestorovic, Nikola"]
[Black "Saric, Sinisa"]
[Result "1/2-1/2"]
[WhiteElo "2430"]
[BlackElo "2433"]
[PlyCount "72"]
[EventDate "2012.08.25"]

1. e4 d5 2. exd5 Qxd5 3. Nc3 Qd6 4. d4 Nf6 5. Nf3 c6 6. g3 Bg4 7. Bg2 e6 8. O-O
Be7 9. h3 Bxf3 10. Bxf3 O-O 11. Bf4 Qd8 12. Ne2 Bd6 13. Be3 Nbd7 14. c4 e5 15.
Bg2 exd4 16. Nxd4 Bc5 17. Qc2 Qb6 18. Rad1 a5 19. b3 Rfe8 20. Rd2 Nf8 21. Rfd1
Ne6 22. Nxe6 Rxe6 23. Bxc5 Qxc5 24. Rd8+ Rxd8 25. Rxd8+ Re8 26. Qd2 Kf8 27. Rd3
h6 28. Bf3 Qe5 29. Kg2 Qc5 30. Qf4 Qe5 31. Qd2 Qc5 32. Qf4 Qe5 33. Qd2 Qe1 34.
Qb2 Kg8 35. Rd1 Qb4 36. a3 Qc5 1/2-1/2

[Event "Prva A liga SSFBiH"]
[Site "Neum"]
[Date "2012.08.29"]
[Round "7.1"]
[White "Nurkic, Sahbaz"]
[Black "Mrndjic, Muamer"]
[Result "1/2-1/2"]
[WhiteElo "2397"]
[BlackElo "2282"]
[PlyCount "98"]
[EventDate "2012.08.25"]

1. e4 c5 2. Nf3 g6 3. c3 Bg7 4. d4 cxd4 5. cxd4 d5 6. e5 Bg4 7. Bb5+ Nc6 8. Nc3
e6 9. Bxc6+ bxc6 10. h3 Bxf3 11. Qxf3 Qb6 12. Qd3 Ne7 13. O-O O-O 14. b3 Qb4
15. Bd2 Nf5 16. Ne2 Qb5 17. Qxb5 cxb5 18. g4 Ne7 19. Bb4 Rfe8 20. Bxe7 Rxe7 21.
Rac1 b4 22. Rc6 a5 23. Rfc1 Bf8 24. R1c2 Rea7 25. f4 a4 26. Kf2 axb3 27. axb3
Ra2 28. Nc1 Rxc2+ 29. Rxc2 Ra1 30. Ke2 Kg7 31. Kd2 Ra7 32. Rc8 h6 33. g5 Be7
34. h4 h5 35. Kc2 Rd7 36. Nd3 Ra7 37. Kb2 Rb7 38. Nc5 Ra7 39. Nd3 Rb7 40. Nc5
Ra7 41. Na4 Rb7 42. Kb1 Bf8 43. Rc6 Be7 44. Nc5 Bxc5 45. dxc5 Rb5 46. Rc8 Ra5
47. Kb2 Rb5 48. Kc2 Ra5 49. Kb2 Rb5 1/2-1/2

[Event "Prva A liga SSFBiH"]
[Site "Neum"]
[Date "2012.08.29"]
[Round "7.1"]
[White "Durakovic, Alman"]
[Black "Jefic, Srdjan"]
[Result "1-0"]
[WhiteElo "2217"]
[BlackElo "2165"]
[PlyCount "69"]
[EventDate "2012.08.25"]

1. d4 f5 2. e4 fxe4 3. Nc3 Nf6 4. Bg5 Nc6 5. d5 Ne5 6. Qe2 Nf7 7. Bxf6 exf6 8.
Nxe4 Be7 9. d6 cxd6 10. O-O-O O-O 11. g4 Qa5 12. Nc3 Qe5 13. Bg2 Rb8 14. Nd5
Qxe2 15. Nxe2 Bd8 16. f4 b5 17. Nd4 a6 18. h4 Bb7 19. Rhe1 Ba5 20. Re2 Ba8 21.
g5 fxg5 22. hxg5 Rbe8 23. Rxe8 Rxe8 24. c3 Bc6 25. Kc2 Nd8 26. b4 Bb6 27. Nxc6
Re2+ 28. Rd2 Rxd2+ 29. Kxd2 dxc6 30. Nxb6 Kf8 31. Nd7+ Ke7 32. Nb8 d5 33. Nxa6
h5 34. Ke3 Kd6 35. Bh3 1-0

[Event "Prva A liga SSFBiH"]
[Site "Neum"]
[Date "2012.08.29"]
[Round "7.1"]
[White "Bucan, Eldin"]
[Black "Djuric, Nebojsa"]
[Result "1/2-1/2"]
[WhiteElo "2140"]
[BlackElo "2181"]
[PlyCount "72"]
[EventDate "2012.08.25"]

1. e4 c5 2. Nf3 d6 3. d4 cxd4 4. Nxd4 Nf6 5. Nc3 a6 6. Bg5 e6 7. f4 Qc7 8. Qf3
b5 9. O-O-O b4 10. e5 Bb7 11. Qe2 dxe5 12. fxe5 Nd5 13. Nxd5 Bxd5 14. Nf5 exf5
15. Rxd5 Be7 16. Bxe7 Qxe7 17. Qf3 Qg5+ 18. Kb1 O-O 19. Bd3 Nc6 20. Rf1 g6 21.
Rc5 Nd4 22. Qf2 Ne6 23. h4 Qe7 24. Rc4 a5 25. h5 Rac8 26. hxg6 hxg6 27. Rh4 Kg7
28. g4 f4 29. Bf5 Rh8 30. Bxe6 Qxe6 31. Rfh1 Qxe5 32. R1h2 Rxh4 33. Qxh4 Qe4
34. Ka1 f3 35. Qh6+ Kf6 36. Qh4+ Kg7 1/2-1/2

[Event "Prva A liga SSFBiH"]
[Site "Neum"]
[Date "2012.08.29"]
[Round "7.2"]
[White "Bajric, Sakib"]
[Black "Muratovic, Enver"]
[Result "1/2-1/2"]
[WhiteElo "2202"]
[BlackElo "2301"]
[PlyCount "30"]
[EventDate "2012.08.25"]

1. e4 e6 2. d3 d5 3. Nd2 c5 4. g3 Nc6 5. Bg2 Nf6 6. Ne2 Be7 7. O-O O-O 8. h3 h6
9. Kh2 e5 10. f4 dxe4 11. Nxe4 exf4 12. Nxf4 Nd4 13. Nxf6+ Bxf6 14. Nd5 Be5 15.
Bf4 Bxf4 1/2-1/2

[Event "Prva A liga SSFBiH"]
[Site "Neum"]
[Date "2012.08.29"]
[Round "7.2"]
[White "Kojic, Tigran"]
[Black "Okicic, Nermin"]
[Result "1/2-1/2"]
[WhiteElo "2322"]
[BlackElo "2170"]
[PlyCount "119"]
[EventDate "2012.08.25"]

1. d4 g6 2. c4 Bg7 3. Nc3 d6 4. Nf3 Nf6 5. g3 Nbd7 6. Bg2 O-O 7. O-O c6 8. h3
Qc7 9. e4 e5 10. Be3 h6 11. Re1 Re8 12. Qc2 Nf8 13. Rad1 N6d7 14. Re2 g5 15. c5
dxc5 16. dxc5 Nf6 17. Rd6 Ng6 18. Nd2 Be6 19. Nb3 Bf8 20. Rd1 Rad8 21. Red2
Rxd2 22. Qxd2 Be7 23. Qc2 Rd8 24. Bc1 Rxd1+ 25. Nxd1 Bxb3 26. axb3 Qa5 27. Ne3
Bxc5 28. Qd2 Qb4 29. Qd1 Bf8 30. Bd2 Qd4 31. Qc2 Qd7 32. Bc3 Ne8 33. Bf3 Nc7
34. Bg4 Qe8 35. Nf5 Nb5 36. Qd3 Kh7 37. Bd2 Bc5 38. Kg2 Ne7 39. h4 Nxf5 40.
Bxf5+ Kg7 41. hxg5 hxg5 42. Bxg5 Nd4 43. Bg4 f6 44. Bd2 Qf7 45. b4 Bb6 46. Bc3
Nb5 47. Bd2 Bd4 48. Qf3 Nd6 49. Bh5 Qe6 50. Bg4 Qg8 51. Qd3 Qc4 52. Qf3 Qc2 53.
Bh6+ Kxh6 54. Qxf6+ Kh7 55. Qe7+ Kh8 56. Qf8+ Kh7 57. Bf5+ Nxf5 58. Qxf5+ Kg7
59. Qd7+ Kf6 60. Qd6+ 1/2-1/2

[Event "Prva A liga SSFBiH"]
[Site "Neum"]
[Date "2012.08.29"]
[Round "7.2"]
[White "Salkic, Fikret"]
[Black "Bajramovic, Halid"]
[Result "0-1"]
[WhiteElo "2192"]
[BlackElo "2160"]
[PlyCount "84"]
[EventDate "2012.08.25"]

1. e4 c5 2. Nf3 Nc6 3. d4 cxd4 4. Nxd4 e6 5. c4 Bc5 6. Nb3 Bb6 7. Be2 Nf6 8.
Nc3 h6 9. Bf4 e5 10. Bg3 d6 11. Bf3 Nd4 12. Nxd4 Bxd4 13. Rc1 O-O 14. O-O a6
15. b3 Be6 16. h3 Qa5 17. Ne2 Bc5 18. Rc2 b5 19. cxb5 axb5 20. Kh1 Qb4 21. Nc3
Bd4 22. Ne2 Bb6 23. Qd2 Qa3 24. Bh4 Bd8 25. Bg3 Ba5 26. Qe3 Bb4 27. Nc3 Bxc3
28. Rxc3 Qxa2 29. Rd1 b4 30. Rcd3 Rfc8 31. Bh4 Ne8 32. Be7 Qb2 33. Bxd6 Nxd6
34. Rxd6 Bxb3 35. R1d2 Qc3 36. Qb6 Rcb8 37. Rd8+ Rxd8 38. Rxd8+ Rxd8 39. Qxd8+
Kh7 40. Kh2 Be6 41. Bg4 Bxg4 42. hxg4 Qd4 0-1

[Event "Prva A liga SSFBiH"]
[Site "Neum"]
[Date "2012.08.29"]
[Round "7.2"]
[White "Radic, Bojan"]
[Black "Dugonjic, Dragan"]
[Result "1-0"]
[WhiteElo "2187"]
[BlackElo "2062"]
[PlyCount "37"]
[EventDate "2012.08.25"]

1. e4 g6 2. d4 Bg7 3. f4 c6 4. Nf3 d5 5. Nc3 Bg4 6. e5 e6 7. h3 Bxf3 8. Qxf3 h5
9. Be3 Ne7 10. g4 Nd7 11. Bd3 hxg4 12. hxg4 Rxh1+ 13. Qxh1 Qa5 14. O-O-O O-O-O
15. Qh7 Rg8 16. f5 Nf8 17. Qh4 Nxf5 18. gxf5 exf5 19. Qe7 1-0

[Event "Prva A liga SSFBiH"]
[Site "Neum"]
[Date "2012.08.29"]
[Round "7.2"]
[White "Besirevic, Jasmin"]
[Black "Memic, Hazim"]
[Result "0-1"]
[WhiteElo "1957"]
[BlackElo "2022"]
[PlyCount "78"]
[EventDate "2012.08.25"]

1. d4 Nf6 2. c4 g6 3. Nc3 Bg7 4. e4 d6 5. Bd3 O-O 6. Nge2 Nc6 7. O-O e5 8. d5
Ne7 9. Be3 Ne8 10. Qd2 f5 11. Bh6 f4 12. Bxg7 Kxg7 13. f3 g5 14. h3 Nf6 15. Kf2
c6 16. Ke1 cxd5 17. Nxd5 Nfxd5 18. cxd5 Qb6 19. Rc1 Bd7 20. Rc3 a6 21. Bc4 Rfc8
22. Rf2 Rc5 23. Bd3 Rac8 24. Rxc5 Qxc5 25. Qc3 Qa7 26. Qb4 Rc5 27. a3 h6 28.
Qd2 a5 29. Nc1 Rc8 30. Ne2 b5 31. Nc3 b4 32. Nb1 Ba4 33. Ke2 Ng6 34. Kf1 Qe3
35. Re2 Rc1+ 36. Re1 Rxe1+ 37. Qxe1 Qxd3+ 38. Kg1 Qe3+ 39. Qxe3 fxe3 0-1

[Event "Prva A liga SSFBiH"]
[Site "Neum"]
[Date "2012.08.29"]
[Round "7.3"]
[White "Rasidovic, Sead"]
[Black "Kamberovic, Senad"]
[Result "1/2-1/2"]
[WhiteElo "2359"]
[BlackElo "2274"]
[PlyCount "22"]
[EventDate "2012.08.25"]

1. e4 e5 2. Nf3 Nc6 3. Bb5 a6 4. Ba4 Nf6 5. O-O Be7 6. Re1 b5 7. Bb3 O-O 8. c3
d5 9. exd5 Nxd5 10. Nxe5 Nxe5 11. Rxe5 Nf6 1/2-1/2

[Event "Prva A liga SSFBiH"]
[Site "Neum"]
[Date "2012.08.29"]
[Round "7.3"]
[White "Zlobec, Srdjan"]
[Black "Koso, Ekrem"]
[Result "0-1"]
[WhiteElo "2079"]
[BlackElo "2137"]
[PlyCount "114"]
[EventDate "2012.08.25"]

1. d4 c5 2. e3 Nf6 3. Nf3 g6 4. Bd3 Bg7 5. O-O d6 6. b3 O-O 7. Bb2 Nc6 8. Nbd2
Nb4 9. Be2 cxd4 10. exd4 Bf5 11. Ne1 Qc7 12. c4 e5 13. d5 a5 14. Nb1 Ne4 15.
Na3 Bh6 16. Nb5 Qb6 17. a3 Na6 18. Nf3 Rac8 19. Bc1 Bxc1 20. Rxc1 Kg7 21. Nd2
Nf6 22. Nb1 Bd7 23. N1c3 Bxb5 24. Nxb5 Nc7 25. Nc3 Qc5 26. Ra1 Rfe8 27. Qd2 b5
28. cxb5 Ncxd5 29. Nxd5 Nxd5 30. Rac1 Nc3 31. Bc4 Ne4 32. Qd1 Re7 33. Bd5 Nc3
34. Qd2 Ne2+ 35. Qxe2 Qxc1 36. a4 Qc5 37. Rd1 Rec7 38. h3 Qb4 39. Qf3 Qc3 40.
Qe2 Qc2 41. Rd2 Qc1+ 42. Kh2 Rc2 43. Rxc2 Rxc2 44. Qd3 Qf4+ 45. Qg3 Qd4 46. Bc6
h5 47. Qf3 Rxf2 48. Qe4 Qc5 49. Qc4 Qb6 50. Qd5 h4 51. Qc4 Qe3 52. Qxh4 Rf4 53.
Qg3 Qc1 54. Qd3 Rf1 55. Qe4 f5 56. Qe2 Rh1+ 57. Kg3 Qf4# 0-1

[Event "Prva A liga SSFBiH"]
[Site "Neum"]
[Date "2012.08.29"]
[Round "7.3"]
[White "Strinic, Halid"]
[Black "Mehmedovic, Mirza"]
[Result "0-1"]
[WhiteElo "2120"]
[BlackElo "2219"]
[PlyCount "64"]
[EventDate "2012.08.25"]

1. e4 c6 2. d4 g6 3. c4 Bg7 4. Nc3 d6 5. Nf3 Bg4 6. Be3 Nf6 7. Be2 Bxf3 8. Bxf3
O-O 9. Qd2 e6 10. g4 Nbd7 11. h4 c5 12. g5 Ne8 13. Be2 a6 14. d5 Qe7 15. h5 Nc7
16. hxg6 fxg6 17. Rh3 Rf7 18. O-O-O Bxc3 19. Qxc3 b5 20. Qd2 e5 21. Qa5 Nf8 22.
Qb6 bxc4 23. Qb7 Qd8 24. Qb6 Rb8 25. Qc6 Nb5 26. Bxc4 Rb6 27. Bxc5 Rxc6 28.
dxc6 Qc8 29. Bxf7+ Kxf7 30. Rf3+ Ke7 31. Rxf8 Kxf8 32. Bxd6+ Nxd6 0-1

[Event "Prva A liga SSFBiH"]
[Site "Neum"]
[Date "2012.08.29"]
[Round "7.3"]
[White "Colpa, Husein"]
[Black "Mataradzic, Almir"]
[Result "1/2-1/2"]
[WhiteElo "1980"]
[BlackElo "2104"]
[PlyCount "80"]
[EventDate "2012.08.25"]

1. Nf3 Nf6 2. c4 e6 3. d4 c5 4. Nc3 cxd4 5. Qxd4 Nc6 6. Qd1 Bb4 7. Qc2 d5 8. e3
O-O 9. Be2 Ne4 10. Bd2 Nxd2 11. Qxd2 dxc4 12. Bxc4 Qf6 13. Rc1 a6 14. O-O b5
15. Bd3 Bb7 16. Qe2 Ne5 17. Nxe5 Qxe5 18. f4 Qf6 19. Ne4 Bxe4 20. Bxe4 Rad8 21.
Rc2 Rd6 22. g4 Rfd8 23. g5 Qe7 24. Rf2 e5 25. Qg4 exf4 26. Rxf4 Rd1+ 27. Kg2
R1d2+ 28. Rf2 Rxc2 29. Rxc2 Bd6 30. Kf3 g6 31. h4 Qe5 32. Rc8 Rxc8 33. Qxc8+
Kg7 34. Qc3 Qxc3 35. bxc3 a5 36. Bc6 Be5 37. Bxb5 Bxc3 38. Kg4 h6 39. gxh6+
Kxh6 40. e4 Kg7 1/2-1/2

[Event "Prva A liga SSFBiH"]
[Site "Neum"]
[Date "2012.08.29"]
[Round "7.4"]
[White "Kruskic, Mirsad"]
[Black "Mujic, Hamza"]
[Result "0-1"]
[WhiteElo "2118"]
[BlackElo "2359"]
[PlyCount "60"]
[EventDate "2012.08.25"]

1. d4 Nf6 2. c4 g6 3. Nc3 Bg7 4. e4 d6 5. Be2 O-O 6. Bg5 c5 7. d5 h6 8. Bf4 e6
9. dxe6 Bxe6 10. Qd2 g5 11. Bxd6 Re8 12. e5 Nfd7 13. f4 Nc6 14. O-O-O gxf4 15.
Nf3 Ncxe5 16. Nxe5 Nxe5 17. Qxf4 Ng6 18. Qd2 Qa5 19. a3 Rad8 20. Nb5 Qb6 21.
Bd3 Rxd6 22. Nxd6 Qxd6 23. Bxg6 Qxd2+ 24. Rxd2 fxg6 25. Re1 Bf6 26. Rde2 Bg5+
27. Kc2 Kf7 28. h3 Bh4 29. Rf1+ Bf5+ 30. Kd2 Rd8+ 0-1

[Event "Prva A liga SSFBiH"]
[Site "Neum"]
[Date "2012.08.29"]
[Round "7.4"]
[White "Sekulic, Dusan"]
[Black "Alihodzic, Muzafer"]
[Result "1-0"]
[WhiteElo "2306"]
[BlackElo "2081"]
[PlyCount "84"]
[EventDate "2012.08.25"]

1. d4 c6 2. c4 d5 3. Nf3 Nf6 4. e3 a6 5. Nbd2 e6 6. Bd3 c5 7. a3 Nc6 8. dxc5
Bxc5 9. b4 dxc4 10. Bxc4 Be7 11. Bb2 b5 12. Be2 Bb7 13. O-O O-O 14. Qb1 Qb6 15.
Rc1 Rac8 16. Ng5 h6 17. Nge4 Rfd8 18. Nb3 Nxe4 19. Qxe4 Rd5 20. Bf3 Rcd8 21.
Qc2 Rd3 22. Nc5 Rd2 23. Qb3 Bxc5 24. Rxc5 R8d3 25. Rc3 Rd8 26. Rc2 R2d3 27. Qa2
e5 28. h3 Nxb4 29. axb4 Bxf3 30. Bxe5 Qg6 31. Bg3 Bd5 32. Qb1 h5 33. Qf1 h4 34.
Bxh4 Rd7 35. Rc8+ Kh7 36. Rxa6 Qe4 37. f3 Qxe3+ 38. Bf2 Qd2 39. Rc5 g6 40. Qe1
Qb2 41. Be3 Qh8 42. Qh4+ Kg7 1-0

[Event "Prva A liga SSFBiH"]
[Site "Neum"]
[Date "2012.08.29"]
[Round "7.4"]
[White "Music, Suad"]
[Black "Muslimovic, Seval"]
[Result "1-0"]
[WhiteElo "2021"]
[BlackElo "2132"]
[PlyCount "65"]
[EventDate "2012.08.25"]

1. d4 f5 2. c4 Nf6 3. Bg5 e6 4. Nc3 c6 5. Nf3 d5 6. e3 Be7 7. Bxf6 Bxf6 8. Ne5
O-O 9. Bd3 Bxe5 10. dxe5 Nd7 11. f4 Qh4+ 12. g3 Qh3 13. Kf2 Nc5 14. cxd5 cxd5
15. Bf1 Qh6 16. Bg2 Kh8 17. b4 Ne4+ 18. Bxe4 fxe4 19. Nb5 Bd7 20. Nd6 Be8 21.
h4 Bh5 22. g4 Rxf4+ 23. exf4 Qxf4+ 24. Kg2 Bxg4 25. Rf1 Bf3+ 26. Rxf3 exf3+ 27.
Qxf3 Qxb4 28. Rf1 h6 29. Qf4 Qa3 30. Rf2 Qd3 31. Qg4 a5 32. h5 Ra6 33. Qg6 1-0

[Event "Prva A liga SSFBiH"]
[Site "Neum"]
[Date "2012.08.29"]
[Round "7.4"]
[White "Omercic, Muhamed"]
[Black "Ivic, Marko"]
[Result "1-0"]
[WhiteElo "2098"]
[BlackElo "1932"]
[PlyCount "87"]
[EventDate "2012.08.25"]

1. d4 d5 2. c4 e6 3. Nc3 Nf6 4. Bg5 Bb4 5. e3 c6 6. Bxf6 Qxf6 7. Bd3 Bxc3+ 8.
bxc3 e5 9. cxd5 exd4 10. cxd4 cxd5 11. Qb3 Qd6 12. Ne2 Nc6 13. Nf4 Qb4+ 14.
Qxb4 Nxb4 15. Bb5+ Kd8 16. Kd2 Be6 17. Rab1 a5 18. a3 Nc6 19. Bxc6 bxc6 20. Rb7
Bd7 21. Rhb1 Ke7 22. Nd3 Kd6 23. Ne5 Be6 24. R1b6 Rac8 25. Nxf7+ Bxf7 26. Rxf7
Rhf8 27. Rbb7 Rxf7 28. Rxf7 Rc7 29. Rxc7 Kxc7 30. f3 Kd6 31. Kd3 g5 32. g4 c5
33. dxc5+ Kxc5 34. f4 gxf4 35. exf4 d4 36. g5 Kd5 37. f5 Ke5 38. f6 Ke6 39.
Kxd4 Kf7 40. Ke5 a4 41. h4 Kg6 42. Ke6 Kh5 43. f7 Kxh4 44. Kf5 1-0

[Event "Prva A liga SSFBiH"]
[Site "Neum"]
[Date "2012.08.30"]
[Round "8.1"]
[White "Kamberovic, Senad"]
[Black "Kruskic, Mirsad"]
[Result "1/2-1/2"]
[WhiteElo "2274"]
[BlackElo "2118"]
[PlyCount "20"]
[EventDate "2012.08.25"]

1. d4 d5 2. c4 c6 3. Nc3 Nf6 4. Nf3 e6 5. Bg5 Be7 6. e3 O-O 7. Bd3 Nbd7 8. O-O
h6 9. Bxf6 Bxf6 10. Rc1 Re8 1/2-1/2

[Event "Prva A liga SSFBiH"]
[Site "Neum"]
[Date "2012.08.30"]
[Round "8.1"]
[White "Alihodzic, Muzafer"]
[Black "Konjicanin, Muris"]
[Result "1/2-1/2"]
[WhiteElo "2081"]
[BlackElo "2258"]
[PlyCount "31"]
[EventDate "2012.08.25"]

1. f4 b6 2. e4 Bb7 3. Nf3 e6 4. d4 Be7 5. Bd3 c5 6. Nc3 cxd4 7. Nxd4 Nc6 8. Nf3
d6 9. O-O Nf6 10. h3 O-O 11. Be3 Nb4 12. a3 Nxd3 13. cxd3 Rc8 14. Qd2 d5 15. e5
Nd7 16. Nd4 1/2-1/2

[Event "Prva A liga SSFBiH"]
[Site "Neum"]
[Date "2012.08.30"]
[Round "8.1"]
[White "Tutic, Resad"]
[Black "Music, Suad"]
[Result "1/2-1/2"]
[WhiteElo "2258"]
[BlackElo "2021"]
[PlyCount "22"]
[EventDate "2012.08.25"]

1. e4 d5 2. e5 c5 3. d4 Bf5 4. Nf3 e6 5. Bd3 Ne7 6. O-O Nbc6 7. c3 Bxd3 8. Qxd3
Nf5 9. dxc5 Bxc5 10. Nbd2 O-O 11. Nb3 Be7 1/2-1/2

[Event "Prva A liga SSFBiH"]
[Site "Neum"]
[Date "2012.08.30"]
[Round "8.2"]
[White "Muratovic, Enver"]
[Black "Rasidovic, Sead"]
[Result "1/2-1/2"]
[WhiteElo "2301"]
[BlackElo "2359"]
[PlyCount "37"]
[EventDate "2012.08.25"]

1. e4 e6 2. d4 d5 3. e5 c5 4. c3 Nc6 5. Nf3 Bd7 6. dxc5 Bxc5 7. Bd3 Qc7 8. Qe2
Nge7 9. O-O h6 10. Be3 Bxe3 11. Qxe3 g5 12. Re1 Ng6 13. Bxg6 fxg6 14. Na3 Ne7
15. Nd4 a6 16. Qh3 Qb6 17. Nac2 h5 18. Qe3 g4 19. Nf5 1/2-1/2

[Event "Prva A liga SSFBiH"]
[Site "Neum"]
[Date "2012.08.30"]
[Round "8.2"]
[White "Mestrovic, Zvonimir"]
[Black "Kojic, Tigran"]
[Result "1/2-1/2"]
[WhiteElo "2319"]
[BlackElo "2322"]
[PlyCount "29"]
[EventDate "2012.08.25"]

1. Nc3 d6 2. d4 g6 3. e4 Nf6 4. Be2 Bg7 5. h4 c5 6. e5 dxe5 7. dxe5 Qxd1+ 8.
Bxd1 Ng4 9. f4 O-O 10. Ne4 Na6 11. c3 h5 12. Nf3 Be6 13. O-O Rfd8 14. Re1 b6
15. Neg5 1/2-1/2

[Event "Prva A liga SSFBiH"]
[Site "Neum"]
[Date "2012.08.30"]
[Round "8.2"]
[White "Bajramovic, Halid"]
[Black "Bogdanovic, Rajko"]
[Result "1/2-1/2"]
[WhiteElo "2160"]
[BlackElo "2308"]
[PlyCount "22"]
[EventDate "2012.08.25"]

1. d4 Nf6 2. c4 g6 3. Nc3 d5 4. Nf3 Bg7 5. g3 O-O 6. Qb3 c6 7. cxd5 cxd5 8. Bf4
Nc6 9. Bg2 e6 10. O-O Ne4 11. Rfd1 Nxc3 1/2-1/2

[Event "Prva A liga SSFBiH"]
[Site "Neum"]
[Date "2012.08.30"]
[Round "8.2"]
[White "Strinic, Halid"]
[Black "Radic, Bojan"]
[Result "0-1"]
[WhiteElo "2120"]
[BlackElo "2187"]
[PlyCount "72"]
[EventDate "2012.08.25"]

1. e4 c5 2. Nf3 e6 3. d4 cxd4 4. Nxd4 Nc6 5. Nb5 d6 6. Bf4 e5 7. Be3 a6 8. N5c3
Nf6 9. h3 Be6 10. g4 d5 11. exd5 Nxd5 12. Bg2 Nxe3 13. Qxd8+ Rxd8 14. fxe3 Bc5
15. Nd1 f5 16. gxf5 Bxf5 17. e4 Be6 18. c3 O-O 19. Nd2 b5 20. Ke2 b4 21. Rf1
bxc3 22. bxc3 Na5 23. Nb2 Rxf1 24. Bxf1 Bf7 25. Ke1 Be3 26. Ndc4 Nxc4 27. Nxc4
Bf4 28. Rb1 Bg6 29. Bg2 Bh5 30. Kf2 Rd3 31. Rb8+ Kf7 32. Rb7+ Kg6 33. Rb6+ Kg5
34. Rxa6 Rxc3 35. Bf1 Rc2+ 36. Kg1 Bh2+ 0-1